000 00862nam a2200253 a 4500
001 41209
003 BD-RjUL
005 20211209053340.0
008 160517s1993 ii b 000 0 eng
020 _a8170418445
_c: IRs. 250.00
035 _a(BD-RjUL) 41325
040 _aDLC
_cDLC
_dDLC
_d(BD-RjUL)
_beng
041 _aeng
082 _223
_a320.95496
_bPOL 1993
245 0 0 _aPolitical development in Nepal /
_cedited by B.R. Bajracharya, S.R. Sharma, S.R. Bakshi.
260 _aNew Delhi :
_bAnmol Publications,
_c1993
300 _a191 p. ;
_c22 cm.
504 _aIncludes bibliographical references (p. [189]-191).
651 0 _aNepal
_xPolitics and government.
_9126776
700 1 _aBajracharya, Bhadra Ratha,
_d1946-
_9126777
700 1 _aSharma, Sita Ram,
_d1932-
_9126778
700 1 _aBakshi, S. R.
_q(Shiri Ram),
_d1935-
_9126779
942 _2ddc
_cBK
999 _c41209
_d41209